000 00776nam a22002537a 4500
003 DO-SdBPM
005 20260518130008.0
007 ta
008 171121b 1981 sp || 00| 0 spa d
020 _a8402082092
040 _aDO-SdBPM
_bspa
_cBPMSU
_erda
082 0 4 _a891.73
_bB113c 1982
_222
100 1 _aBabel, Isaak E.
_d1894-1941.
_eautor
_4aut.
245 1 _aCaballería roja /
_cIsaak E. Babel ; traducción José Laín Entralgo
260 _aBarcelona :
_bBruguera,
_c1981.
300 _a202 p. ;
_c18 cm.
490 1 _aClub bruguera
_v89
650 7 _aNovela juvenil rusa.
650 7 _aCaballería
_vNovela.
650 7 _a Ejércitos
_vNovela.
700 1 _aLaín Entralgo, José,
_etr.aductor
910 _aVMateo V. control de calidad. BPMSU
942 _2ddc
_cBK
999 _c12974
_d12974